[Event "MCR mladeze, Kouty 2018 - H14"]
[Site "Kouty nad Desnou"]
[Date "2018.03.13"]
[Round "5"]
[White "Skypala, Ondrej"]
[Black "Gnojek, Petr"]
[Result "1/2-1/2"]
[WhiteElo "1851"]
[BlackElo "2018"]
[EventDate "2018.03.10"]

1. d4  f5  2. Qd3  d5
3. g4  fxg4  4. h3
g3  5. fxg3  Nf6
6. Bg2  g6  7. g4
Nc6  8. Nf3  Bg7
9. Bf4  O-O  10. e3
Ne4  11. Nbd2  Nd6
12. c3  e6  13. h4
Nf7  14. O-O-O  a5
15. g5  Ne7  16. h5
c6  17. Nh4  gxh5
18. g6  hxg6  19. Nxg6
Nxg6  20. Qxg6  Qf6
21. Qxh5  Qf5  22. Qxf5
exf5  23. Rh5  Nd8
24. Bh3  Ne6  25. Bd6
Rf6  26. Be5  Rh6
27. Rxh6  Bxh6  28. Rg1+
Kf8  29. Bxf5  Bxe3
30. Rh1  Nd8  31. Rh8+
Ke7  32. Bd6+  Kxd6
33. Rxd8+  Kc7  34. Rxc8+
Rxc8  35. Bxc8  Kxc8
36. Kc2  Kd7  37. Nf3
Bf4  38. b3  Ke6
39. Kd3  Kf5  40. Ne1
Kg4  41. Ke2  b6
42. Nd3  Kg3  43. Ne1
b5  44. Nd3  Bd6
45. Ke3  Kg4  46. Kf2
Bf4  47. Ke2  Kf5
48. Nc5  Bd6  49. Nb7
Bc7  50. Nc5  Bb6
51. Nd3  Ke4  52. Nf2+
Kf4  53. Nd3+  Ke4
54. Nf2+  Kf5  55. Nd3
a4  56. Nb4  Ba5
57. Nxc6  Bxc3  58. Kd3
Bb2  59. Na7  axb3
60. axb3  Bc1  61. Nxb5
Ke6  62. Nc7+  Kd6
63. Nb5+  Kc6  64. Nc3
Ba3  65. Ne2  Bd6
66. Nc3  Bb4 1/2-1/2

[Event "MCR mladeze, Kouty 2018 - H14"]
[Site "Kouty nad Desnou"]
[Date "2018.03.13"]
[Round "5"]
[White "Blaha, Marek"]
[Black "Placer, Sebastian"]
[Result "0-1"]
[WhiteElo "1777"]
[BlackElo "1884"]
[EventDate "2018.03.10"]

1. e4 c6 2. d4 d5 3. Nc3 dxe4 4. Nxe4 Bf5 5. Ng3 Bg6 6. Nf3 e6 7. Ne5 Nd7 8. Nxg6
hxg6 9. Bf4 Qb6 10. Rb1 Qa5+ 11. c3 Qxa2 12. Bd3 Qa5 13. b4 Qd8 14. Ne4 Ndf6 15.
b5 Nd5 16. Bg3 f5 17. bxc6 bxc6 18. Qe2 fxe4 19. Qxe4 Rh6 20. c4 Nde7 21. Bf4 Nf6
22. Qxe6 Qxd4 23. Bxh6 Qxd3 24. Be3 Qxb1+ 25. Ke2 Qc2+ 26. Kf1 Qd1# 0-1

[Event "MCR mladeze, Kouty 2018 - H14"]
[Site "Kouty nad Desnou"]
[Date "2018.03.13"]
[Round "5"]
[White "Frank, Adam"]
[Black "Nytra, Ondrej"]
[Result "1-0"]
[WhiteElo "1947"]
[BlackElo "1901"]
[EventDate "2018.03.10"]

1. e4  e5  2. Nf3  Nc6
3. Bb5  a6  4. Ba4
Nf6  5. O-O  d6
6. Re1  Be7  7. c3  O-O
8. h3  b5  9. Bc2
Re8  10. d4  Bf8
11. Bg5  h6  12. Bh4
exd4  13. cxd4  g6
14. d5  Nb8  15. Nd4
g5  16. Bg3  Bd7
17. f4  gxf4  18. Bxf4
Kh8  19. Qd2  Ng8
20. Qd3  f5  21. Nd2
Nf6  22. Nxf5  Bxf5
23. exf5  Nbd7  24. Nf3
Nc5  25. Qd2  Kh7
26. Rxe8  Qxe8  27. Re1
Qh5  28. b4  Ncd7
29. Qd3  Kh8  30. Bb3 Bg7
31. Nd4  Rg8  32. Ne6
Ne8  33. Re3  Be5
34. Bc2  Nef6  35. Rg3
Qh4  36. Rxg8+  Kxg8
37. Bd2  Nb6  38. Bc3
Nbxd5  39. Bxe5  Qe1+
40. Kh2  Qxe5+  41. Qg3+
Qxg3+  42. Kxg3  Nxb4
43. Bb3  Ne4+  44. Kf4
Nd2  45. Nxc7+  Nxb3
46. axb3  Kf7  47. g4 Ke7
48. Ke4  Kd7  49. Nd5
Nc6  50. h4  a5
51. g5  hxg5  52. hxg5  Ne5
53. g6  Ke8  54. Nc7+
Kf8  55. Nxb5  Nd7
56. Nxd6  Nc5+  57. Ke5
Nxb3  58. Kf6  Nc5
59. g7+  Kg8  60. Nf7
Kh7  61. Ng5+  Kg8
62. Kg6  Nd7  63. Nf7
Nf8+  64. gxf8=Q+  Kxf8
65. Ne5  a4  66. Nc4
1-0

[Event "MCR mladeze, Kouty 2018 - H14"]
[Site "Kouty nad Desnou"]
[Date "2018.03.13"]
[Round "5"]
[White "Glozar, Petr"]
[Black "Neumann, Filip"]
[Result "0-1"]
[WhiteElo "1789"]
[BlackElo "1859"]
[EventDate "2018.03.10"]

1. d4  Nf6  2. c4  c5
3. d5  b5  4. cxb5
a6  5. bxa6  g6
6. Nc3  Bxa6  7. Nf3  d6
8. e4  Bxf1  9. Kxf1
Bg7  10. h3  Nbd7
11. Kg1  O-O  12. Kh2
Qb6  13. Re1  Rfb8
14. Re2  Qa6  15. Rc2
Nb6  16. Qe2  Qxe2
17. Rxe2  Na4  18. Nxa4
Rxa4  19. Nd2  Nd7
20. Nb1  Nb6  21. Nc3
Rb4  22. a3  Rb3
23. Nd1  Nc4  24. Ra2
Ne5  25. Rc2  Nd3
26. Kg1  Nxc1  27. Rxc1
Bxb2  28. Nxb2  Rxb2
29. Rxb2  Rxb2  30. Kf1
Ra2  31. Rc3  Kg7
32. Rf3  f6  33. g4
Rb2  34. Rc3  h5
35. Kg2  Kh6  36. Kg3
hxg4  37. hxg4  Kg5
38. f4+  Kh6  39. Kf3
g5  40. Kg3  Kg6
41. Kf3  Rb1  42. f5+
Kf7  43. a4  Ra1
44. Rb3  Rxa4  45. Rb8
Ra3+  46. Kf2  Rh3
47. Rc8  Rh7  48. Ke3
Rg7  49. Rh8  Rg8
50. Rh7+  Ke8  51. Rh1
Kd7  52. Ra1  Rc8
53. Ra7+  Rc7  54. Ra8
Rb7  55. Ra6  Kc7
56. Rc6+  Kb8  57. Ra6
Rb3+  58. Kf2  Kb7
59. Ra1  Kb6  60. Ra8
c4  61. Re8  Kc5
62. Rxe7  Kd4  63. Re6
Kd3  64. Rxd6  c3
65. Rc6  c2  66. d6
Kd2  67. d7  Rd3
68. e5  fxe5  69. f6
Rxd7  70. Kf3  Rd4
71. f7  Rf4+  72. Kg3
c1=Q  0-1

[Event "MCR mladeze, Kouty 2018 - H14"]
[Site "Kouty nad Desnou"]
[Date "2018.03.13"]
[Round "5"]
[White "Volak, Simon"]
[Black "Vantuch, Lucian"]
[Result "1/2-1/2"]
[WhiteElo "1744"]
[BlackElo "1973"]
[EventDate "2018.03.10"]

1. c4  e5  2. Nc3  Nc6
3. g3  Nf6  4. Bg2
Bc5  5. e3  d5
6. cxd5  Nb4  7. d3  Nfxd5
8. Nxd5  Nxd5  9. a3
O-O  10. Qc2  Qd6
11. Nf3  f5  12. O-O
Bb6  13. Qc4  Be6
14. Ng5  c6  15. Nxe6
Qxe6  16. e4  Nc7
17. exf5  Rxf5  18. Bh3
Qxc4  19. dxc4  Rf3
20. Bd2  Raf8  21. Be1
R3f6  22. Rc1  Bd4
23. Rc2  Ne8  24. Bg2
Nc7  25. Bc3  Ne6
26. h4  Bxc3  27. Rxc3
Rd8  28. Re3  Rd2
29. b4  Rc2  30. Rxe5
Rxc4  31. b5  Rc5
32. Rfe1  Kf7  33. Rxc5
Nxc5  34. bxc6  bxc6
35. Rc1  Nd3  36. Rxc6
Rxc6  37. Bxc6  Nc5
38. Bd5+  Kf6  39. f4
h5  40. Kg2  Kf5
41. Kf3  a5  42. Ba2
Nd7  43. Bb1+  Kf6
44. Ke4  Ke6  45. Bc2
Nf6+  46. Kd4  Kd6
47. Bg6  Kc6  48. a4
Kd6  49. Kc4  Kc6
50. Bf7  Kb6  51. Kd4
Kc6  52. Ke5  Kc5
53. Kf5  Kd4  54. Kg6
Ne4  55. Kxg7  Nxg3
56. Kh6  Ke4  57. Kg5
Ne2  58. f5  Ng3
59. Be8  Ke5  60. Bg6
Ne4+  61. Kxh5  Nc5
62. Kg5  Nxa4  63. h5
Nc5  64. Bf7  Ne4+
65. Kg6  Nf6  66. h6
a4  67. Be6  a3
68. Bf7  Nd7  69. Ba2  Nf8+
70. Kg5  Nh7+  71. Kg6
Nf8+  72. Kg7  Kxf5
73. Kxf8  1/2-1/2

[Event "MCR mladeze, Kouty 2018 - H14"]
[Site "Kouty nad Desnou"]
[Date "2018.03.13"]
[Round "5"]
[White "Nguyen, Thai Dai Vinh"]
[Black "Rokos, Filip"]
[Result "1/2-1/2"]
[WhiteElo "1902"]
[BlackElo "1817"]
[EventDate "2018.03.10"]

1. e4  e5  2. Nf3  Nc6
3. d4  exd4  4. Nxd4
Bc5  5. Be3  Qf6
6. c3  Nge7  7. Bc4
Ne5  8. Be2  Qg6
9. O-O  d6  10. Kh1
O-O  11. Nd2  Bb6
12. f4 Ng4  13. Bg1  Bxd4
14. cxd4  f5  15. e5
Be6  16. Bc4  Bxc4
17. Nxc4  d5  18. Ne3
Nxe3  19. Bxe3  Qb6
20. Qd3  Nc6  21. b3
Nd8  22. Rac1  Ne6
23. g4  g6  24. Rg1
Kh8  25. Rc2  Ng7
26. g5  Ne6  27. Rd1
a5  28. Rb1  Rfc8
29. h4  Kg7  30. Kg2
Qb4  31. Kg3  Rd8
32. Rbc1  Rac8  33. Bd2
Qb6  34. Be3  Qb4
35. Bd2  Qb6  36. Be3
Qb4  1/2-1/2

[Event "MCR mladeze, Kouty 2018 - H14"]
[Site "Kouty nad Desnou"]
[Date "2018.03.13"]
[Round "5"]
[White "Jares, Michal"]
[Black "Husa, Daniel"]
[Result "1-0"]
[WhiteElo "1780"]
[BlackElo "1627"]
[EventDate "2018.03.10"]

1. d4  Nf6  2. Nf3  g6
3. g3  Bg7  4. Bg2
d5  5. O-O  O-O
6. c4  dxc4  7. Nc3  c6
8. e4  a6  9. a4
b6  10. Bf4  Bb7
11. Qd2  b5  12. e5
Nd5  13. Ne4  Nxf4
14. gxf4  Nd7  15. e6
f5  16. Neg5  Nb6
17. Ne5  Qc8  18. Qe3
Nd5  19. Bxd5  Bxe5
20. Qxe5  cxd5  21. Nf7
Rxf7  22. exf7+  Kxf7
23. axb5  axb5  24. Rxa8 Bxa8
25. Re1  Qd8  26. Qe6+
Kf8  27. Re3  Bb7
28. h4  Bc8  29. Qc6
Qd7  30. Qb6  Kf7
31. Ra3  Qb7  32. Qc5
Bd7  33. Ra7  Qc6
34. Qxc6  Bxc6  35. Rc7
Be8  36. Rb7  h5
37. Kf1  Bc6  38. Rb6
Bd7  39. Ke1  e6
40. Kd2  Ke7  41. Kc3
Be8  42. Kb4  Bd7
43. Kc5  Kd8  44. Kd6
Kc8  45. Kc5  Kd8
46. Rb8+  Ke7  47. Ra8
Be8  48. Ra1  Bd7
49. Ra7  Kd8  50. Kd6
Bc8  51. Rg7  Ke8
52. Rg8+  1-0

[Event "MCR mladeze, Kouty 2018 - H14"]
[Site "Kouty nad Desnou"]
[Date "2018.03.13"]
[Round "5"]
[White "Ret, Adam Josef"]
[Black "Vokoun, Tomas"]
[Result "1-0"]
[WhiteElo "1840"]
[BlackElo "1535"]
[EventDate "2018.03.10"]

1. d4 Nf6 2. c4 g6 3. Nc3 d5 4. Bd2 dxc4 5. e3 Bg7 6. Bxc4 O-O 7. Nf3 b6 8. O-O
Bb7 9. Qe2 e6 10. e4 Nbd7 11. Bf4 c5 12. dxc5 Nxc5 13. Rfd1 Qc8 14. Bd6 Rd8 15.
e5 Nfe4 16. Nb5 Rd7 17. Rac1 a6 18. Nc3 Nxd6 19. Rxd6 Rxd6 20. exd6 Qf8 21. Rd1
Rd8 22. d7 Rxd7 23. Rxd7 Nxd7 24. Bxa6 Bc6 25. Bb5 Qc5 26. Bxc6 Qxc6 27. Qd3 Kf8
28. h3 Ke7 29. Kh2 h6 30. g3 Ne5 31. Nxe5 Bxe5 32. Qe3 Qc5 33. Qxc5+ bxc5 34. Kg2
Kd6 35. Kf3 f5 36. Ke2 c4 37. Kd2 Kc5 38. Kc2 Bd4 39. Nd1 e5 40. Ne3 h5 41. b3 f4
42. gxf4 exf4 43. Nxc4 Bxf2 44. Kd3 Kd5 45. Nd2 g5 46. Ne4 g4 47. hxg4 Bb6 48.
gxh5 Ke5 49. Nd2 Kf5 50. Nf3 Kg4 51. h6 1-0

[Event "MCR mladeze, Kouty 2018 - H14"]
[Site "Kouty nad Desnou"]
[Date "2018.03.13"]
[Round "5"]
[White "Nezval, Filip"]
[Black "Mach, Petr"]
[Result "0-1"]
[WhiteElo "1732"]
[BlackElo "1845"]
[EventDate "2018.03.10"]

1. d4  Nf6  2. c4  g6
3. Nc3  d5  4. cxd5
Nxd5  5. e4  Nxc3 6. bxc3 Bg7
7. Bg5  c5  8. Rc1
Qa5  9. Qd2  h6
10. Be3  cxd4  11. cxd4  Qxd2+
12. Bxd2  O-O  13. d5
e6  14. Bb5  exd5
15. Bb4  Be6  16. Bxf8
Bxf8  17. e5  Bb4+
18. Ke2  a6  19. Bd3
Nc6  20. f4  Ba3
21. Rd1  Nd4+  22. Kf2
Rc8  23. Nf3  Nxf3
24. Kxf3  Rc3  25. h3
d4  26. Rhe1  Bxa2
27. Ke4  Bc5  28. Rc1
Be6  29. g4  Bd7
30. f5  Bc6+  31. Kf4
g5+  0-1

[Event "MCR mladeze, Kouty 2018 - H14"]
[Site "Kouty nad Desnou"]
[Date "2018.03.14"]
[Round "6"]
[White "Kusa, Jakub"]
[Black "Mica, Marek"]
[Result "1-0"]
[WhiteElo "1895"]
[BlackElo "1957"]
[EventDate "2018.03.10"]

1. e4  c6  2. d4  d5
3. exd5  cxd5  4. Bf4
Nc6  5. c3  Nf6
6. Bd3  Qb6  7. Qb3  Qxb3
8. axb3  Bg4  9. Nd2
e6  10. h3  Bh5
11. Ngf3  Bg6  12. Ke2  Be7
13. Bb5  Nd7  14. Bxc6
bxc6  15. Ra6  c5
16. Rha1  cxd4  17. cxd4
O-O  18. Rxa7  Rxa7
19. Rxa7  Rd8  20. Bc7
Re8  21. Ba5  Nb8
22. Ra8  Kf8  23. Ne5
Bc2  24. Rxb8  Rxb8
25. Nd7+  Ke8  26. Nxb8
Bd6  27. Nc6  f6
28. Nb4  Bg6  29. Nd3
Bxd3+  30. Kxd3  Kd7
31. Bc3  Kc6  32. b4
e5  33. f3  Kb5
34. Nb3  h5  35. Nc5  Kc6
36. Ne6  g6  37. dxe5
fxe5  38. Nd8+  Kd7
39. Nf7  Ke6  40. Nxd6
Kxd6  41. b5  1-0

[Event "MCR mladeze, Kouty 2018 - H14"]
[Site "Kouty nad Desnou"]
[Date "2018.03.14"]
[Round "6"]
[White "Placer, Sebastian"]
[Black "Barak, David"]
[Result "1/2-1/2"]
[WhiteElo "1884"]
[BlackElo "1847"]
[EventDate "2018.03.10"]

1. e4  c6  2. d4  d5
3. exd5  cxd5  4. c4
Nf6  5. Nc3  e6
6. cxd5  Nxd5  7. a3  Nc6
8. Nf3  Be7  9. Bd3
O-O  10. O-O  Bf6
11. Bc2  b6  12. Qd3
g6  13. Bh6  Re8
14. Rad1  Bb7  15. Rfe1
Rc8  16. Bb3  Nxc3
17. bxc3  Na5  18. Ba4
Re7  19. Bf4  Nc4
20. Bc1  Qc7  21. Nd2
Nd6  22. Bb2  Bd5
23. Bb5  Bc4  24. Nxc4
Nxc4  25. Bc1  Na5
26. Ba6  Rf8  27. a4
Rd7  28. Ba3  Be7
29. Bxe7  Rxe7  30. c4
Rd8  31. Bb5  1/2-1/2

[Event "MCR mladeze, Kouty 2018 - H14"]
[Site "Kouty nad Desnou"]
[Date "2018.03.14"]
[Round "6"]
[White "Jun, Rudolf"]
[Black "Vojta, Jakub"]
[Result "1/2-1/2"]
[WhiteElo "2061"]
[BlackElo "2017"]
[EventDate "2018.03.10"]

1. e4 c5 2. c4 e5 3. Nf3 Nc6 4. Nc3 d6 5. a3 g6 6. Be2 Bg7 7. b4 Nge7 8. d3 O-O
9. b5 Nd4 10. O-O h6 11. Nxd4 cxd4 12. Nd5 Nxd5 13. cxd5 Qb6 14. a4 f5 15. Bd2
Bd7 16. Rb1 Rf6 17. a5 Qd8 18. Qb3 f4 19. f3 Rc8 20. Rbc1 Rc5 21. Rxc5 dxc5 22.
Ra1 Bf8 23. Qc4 Bd6 24. a6 b6 25. Rb1 g5 26. h3 Qc8 27. Kh2 Kf8 28. Rh1 Ke8 29.
Kg1 Kd8 30. Kf2 Kc7 31. Bd1 Rg6 32. Be1 h5 33. Bd2 Qg8 34. Bc1 g4 35. fxg4 hxg4
36. h4 g3+ 37. Kf1 Bg4 38. Bxg4 Rxg4 39. Qc2 f3 40. Bg5 Qf7 41. Kg1 f2+ 42. Kf1
Qd7 43. Qc4 Qh7 44. Rh3 Qh5 45. Qc2 Qe8 46. Qc4 Qf7 47. Qc1 Qd7 48. Qc4 Qf7
1/2-1/2

[Event "MCR mladeze, Kouty 2018 - H14"]
[Site "Kouty nad Desnou"]
[Date "2018.03.14"]
[Round "6"]
[White "Gnojek, Petr"]
[Black "Frank, Adam"]
[Result "1-0"]
[WhiteElo "2018"]
[BlackElo "1947"]
[EventDate "2018.03.10"]

1. Nf3  f5  2. c4  Nf6
3. g3  g6 4. b4  Bg7
5. Bb2  O-O  6. Bg2
d6  7. d4  Ne4
8. Nbd2  c5  9. e3  cxd4
10. Nxe4  fxe4  11. Nxd4
a6  12. Bxe4  e5
13. Ne2  Nc6  14. a3
Bh3  15. Nc3  Rc8
16. Qe2  Rc7  17. O-O-O
Be6  18. c5  Rd7
19. Rxd6  Rxd6  20. cxd6
Qxd6  21. Rd1  Qc7
22. Bd5  Bxd5  23. Rxd5
Qf7  24. Rd2  Qe6
25. Ne4  Rd8  26. Rxd8+
Nxd8  27. Nc5  Qc6
28. Qc4+  Kf8  29. Qe4
Qxe4  30. Nxe4  Ne6
31. Kd2  Ke7  32. Kd3
b5  33. f4  exf4
34. Bxg7  Nxg7  35. gxf4
Ne8  36. Kd4  Nc7
37. Ke5  Ne8  38. Nc5
Nd6  39. Kd4  Nf5+
40. Kd3  Nh4  41. Ke4
Kd6  42. Nxa6  Ng2
43. Nc5  Ne1  44. a4
Nc2  45. axb5  Nxb4
46. Nb3  Nd5  47. Kd4
Nc7  48. Kc4  Nd5
49. Kd3  h6  50. h4
Nc7  51. Nd4  Nd5
52. Nc6  Kc5  53. Ne5
Ne7  54. e4  Kxb5
55. Kd4  Kb6  56. Nf7
Kc6  57. Ke5  Kd7
58. Kf6  h5  59. Ne5+
1-0

[Event "MCR mladeze, Kouty 2018 - H14"]
[Site "Kouty nad Desnou"]
[Date "2018.03.14"]
[Round "6"]
[White "Dudek, Vojtech"]
[Black "Skypala, Ondrej"]
[Result "1/2-1/2"]
[WhiteElo "1880"]
[BlackElo "1851"]
[EventDate "2018.03.10"]

1. e4  c5  2. Nf3  Nc6
3. c4  e5  4. Nc3
Nge7  5. Be2  g6
6. O-O  Bg7  7. a3
O-O  8. b4  d6
9. d3  f5  10. Nd5  Nxd5
11. cxd5  Nd4  12. Nxd4
cxd4  13. Ra2  Bd7
14. a4  a6  15. Bd2
Rc8  16. Qb3  b5
17. a5  f4  18. f3
g5  19. Rc2  h5
20. Rxc8  Bxc8  21. Qc2  Bb7
22. Rc1  Rf7  23. Qd1
Bf6  24. Kh1  Kh8
25. Rc2  Qg8  26. Qc1
Bd8  27. Qd1  Kg7
28. Bc1  Kf8  29. Bb2
Ke8  30. Ba3  Bc7
31. Kg1  Kd8  32. Kf1
g4  33. Kg1  Rg7
34. Qe1  Kc8  35. Qh4
g3  36. hxg3  Rxg3
37. Bf1  Qf7  38. Bc1
Kb8  39. Bd2  Bc8
40. Be1  Rg8  41. Qh2
Bd7  42. Kh1  h4
43. Bf2  Bd8  44. Bxh4
Rh8  45. Bxd8  Rxh2+
46. Kxh2  Qf8  47. Bc7+
Ka8  48. Bb6  Kb8
1/2-1/2

[Event "MCR mladeze, Kouty 2018 - H14"]
[Site "Kouty nad Desnou"]
[Date "2018.03.14"]
[Round "6"]
[White "Nytra, Ondrej"]
[Black "Neumann, Filip"]
[Result "0-1"]
[WhiteElo "1901"]
[BlackElo "1859"]
[EventDate "2018.03.10"]

1. e4  e6  2. d4  d5
3. e5  c5  4. c3
Qb6  5. Nf3  Bd7
6. Be2  Bb5  7. O-O
Bxe2  8. Qxe2  Nc6
9. a3  a5  10. a4
Nh6  11. Na3  Nf5
12. Nb5  cxd4  13. cxd4
Be7  14. b3  O-O
15. g4  Nfxd4  16. Nfxd4
Nxd4  17. Nxd4  Qxd4
18. Bb2  Qb6  19. Qd3
Rac8  20. Kh1  Rc7
21. f4  Rfc8  22. f5
Rc2  23. Bd4  Qb4
24. Rad1  Bg5  25. fxe6
fxe6  26. Qh3  Rd2
27. Rxd2  Bxd2  28. g5
Re8  29. Qg4  Qxb3
30. g6  Qd3  31. gxh7+
Kh8  32. Rf3  Qe4
33. Qxe4  dxe4  34. Rf2
e3  35. Re2  Rd8
36. Bxe3  Bxe3  37. Rxe3
Rd4  38. Rb3  Rb4
39. Rd3  Rxa4  40. Rd6
Re4  41. Rxe6  Kxh7
42. Kg2  Kg8  43. Kf3
Kf7  44. Rb6  Rb4
45. Rd6  a4  46. Rd7+
Ke6  47. Rxg7  a3
48. Rg1  a2  49. Ra1
Rb2  50. h4  b5
51. h5  b4  52. h6  b3
53. Kg3  Rc2  54. h7
Rc8  55. Rc1  Rh8
56. Rc6+  Kxe5  57. Ra6
Rxh7  58. Ra5+  Kd4
59. Kf3  Kc3  60. Ke2
Kb2  0-1

[Event "MCR mladeze, Kouty 2018 - H14"]
[Site "Kouty nad Desnou"]
[Date "2018.03.14"]
[Round "6"]
[White "Blaha, Marek"]
[Black "Jares, Michal"]
[Result "1/2-1/2"]
[WhiteElo "1777"]
[BlackElo "1780"]
[EventDate "2018.03.10"]

1. e4  c5  2. Nf3  d6
3. d4  cxd4  4. Nxd4
Nf6  5. Nc3  g6
6. Be2  Bg7  7. Be3  O-O
8. O-O  Nc6  9. f3
Bd7  10. Qe1  Rc8
11. Qf2  Ne5  12. Rfd1
Nc4  13. Bxc4  Rxc4
14. Nb3  b5  15. a3
a6  16. Bd4  Rxd4
17. Nxd4  Qa8  18. Rd3
Bc8  19. Nb3  Nd7
20. f4  Bb7  21. e5
Nc5  22. Nxc5  dxc5
23. Re1  e6  24. Rd2
c4  25. Qe3  Rc8
26. Ne4  Bxe4 27. Qxe4  Qa7+
28. Qe3  Qb7  29. Red1
Bf8  30. Kf1  c3
31. bxc3  Qc6  32. Ra1 Qc4+
33. Ke1  Bc5  34. Qf3
Bb6  35. g3  Ba5
36. Rd3  Bxc3+  37. Rxc3
Qxc3+  38. Qxc3  Rxc3
39. Kd2  Rc4  40. Rb1
h5  41. Rb4  Rc5
42. a4  Rd5+  43. Ke2
Kf8  44. Ke3  Rc5
45. Kd3  Ke7  46. axb5
axb5  47. c4  bxc4+
48. Rxc4  Rd5+  49. Rd4
Ra5  50. Ke3  Ra3+
51. Rd3  Ra1  52. Kf3
f6  53. exf6+  Kxf6
54. h4  Kf5  55. Rb3
Rf1+  56. Kg2  Rd1
57. Kf3  Rd2  58. Rb5+
Rd5  59. Rb3  e5
60. fxe5  Rxe5  61. Rb4
Ra5  62. Rf4+  Ke5
63. Re4+  Kf6  64. Rf4+
1/2-1/2

[Event "MCR mladeze, Kouty 2018 - H14"]
[Site "Kouty nad Desnou"]
[Date "2018.03.14"]
[Round "6"]
[White "Vantuch, Lucian"]
[Black "Glozar, Petr"]
[Result "1-0"]
[WhiteElo "1973"]
[BlackElo "1789"]
[EventDate "2018.03.10"]

1. e4  c5  2. Nf3  Nc6
3. d4  cxd4  4. Nxd4
g6  5. Nc3  Bg7
6. Be3  Nf6  7. Bc4  Qa5
8. O-O  O-O  9. Bb3
d6  10. h3  Bd7
11. Re1  Rfc8  12. Qd3  Qh5
13. Nd5  Nxd5  14. exd5 Na5
15. c4  Rc7  16. Bd2
Nxb3  17. axb3  Kf8
18. Re4  Bf5  19. Nxf5
Qxf5  20. Bc3  Bxc3
21. Qxc3  Qf6  22. Qxf6
exf6  23. Kf1  f5
24. Re3  Re7  25. Ke2
b6  26. Rxe7  Kxe7
27. Kd3  Kd7  28. b4
h5  29. h4  f6
30. f4  a5  31. bxa5  bxa5
32. b4  a4  33. b5
Kc7  34. Kc3  Re8
35. Kb4  Re4  36. g3
Re3  37. Ra3  Re1
38. Kxa4  Kb6  39. Kb4
Rb1+  40. Kc3  Rg1
41. Ra6+  Kc7  42. Rc6+
Kd7  43. b6  Rb1
44. c5  Rc1+  45. Kb2
Rxc5  46. Rxc5  dxc5
47. Kc3  g5  48. Kc4
Kd6  49. Kb5  Kxd5
50. b7  1-0

[Event "MCR mladeze, Kouty 2018 - H14"]
[Site "Kouty nad Desnou"]
[Date "2018.03.14"]
[Round "6"]
[White "Mach, Petr"]
[Black "Nguyen, Thai Dai Vinh"]
[Result "1-0"]
[WhiteElo "1845"]
[BlackElo "1902"]
[EventDate "2018.03.10"]

1. d4  Nf6  2. c4  e6
3. g3  Bb4+  4. Bd2
Bxd2+  5. Qxd2  d5
6. cxd5  exd5  7. Nc3
O-O  8. e3  Re8
9. Bg2  c6  10. Nge2  Bf5
11. O-O  Nbd7  12. Nf4
h6  13. Nd3  Qe7
14. Rac1  Rad8  15. Na4
Ne4  16. Qe2  Qf6
17. Rfe1  Qd6  18. Nac5
Ndxc5  19. Nxc5  Nxc5
20. Rxc5  b6  21. Rcc1
c5  22. Qb5  Bd7
23. dxc5  Bxb5  24. cxd6 Rxd6
25. Red1  Red8  26. Rd4
R6d7  27. Rcd1  Bc6
28. Bh3  Re7  29. Bg4
Rde8  30. Bf3  Re5
31. Bxd5  Bxd5  32. Rxd5
Rxd5  33. Rxd5  Re7
34. Kf1  Rc7  35. Ke2
Kf8  36. Kd2  Ke7
37. h4  Ke6  38. Rd8
h5  39. Rd3  g6
40. Rc3  Rd7+  41. Ke2  Kf6
42. f3  Kg7  43. e4
Kf6  44. Ke3  Kg7 45. Rc2
Kf6  46. Kf4  Kg7 47. b3
Kf6  48. g4  hxg4
49. fxg4  Kg7  50. h5
Re7  51. Rc6  gxh5
52. gxh5  Rd7  53. Rc2
Kh6  54. Kf5  Kg7
55. Rh2  Rd1  56. h6+
Kh7  57. Kf6  Rf1+
58. Ke5  Re1  59. Rf2
Kxh6  60. Rxf7  Rc1
61. Rxa7  Rc5+  62. Kf6
Rc6+  63. Kf5  Rc8
64. Rb7  Rf8+  65. Ke5
Re8+  66. Kd5  Rd8+
67. Kc4  Rd6  68. Kb5
Kg5  69. Rxb6  Rd4
70. Re6  Rd8  71. e5
Rb8+  72. Rb6  1-0

[Event "MCR mladeze, Kouty 2018 - H14"]
[Site "Kouty nad Desnou"]
[Date "2018.03.14"]
[Round "6"]
[White "Volak, Simon"]
[Black "Ret, Adam Josef"]
[Result "0-1"]
[WhiteElo "1744"]
[BlackElo "1840"]
[EventDate "2018.03.10"]

1. d4  Nf6  2. c4  g6
3. Nc3  d5  4. cxd5
Nxd5  5. e4  Nxc3
6. bxc3  Bg7  7. Qa4+
Bd7  8. Qc4  O-O
9. Nf3  Be6  10. Qb4
b6  11. d5  Bg4
12. Be2  c6  13. h3  Bxf3
14. Bxf3  cxd5  15. exd5
Na6  16. Qb3  Nc5
17. Qc2  Rc8  18. Bb2
Qd7  19. a4  Nb7
20. O-O  Na5  21. Rac1
Nc4  22. Ba1  Ne5
23. Be2  Qxd5  24. c4
Qc5  25. Bxe5  Bxe5
26. Qb3  Rfd8  27. Rfd1
Bd4  28. Qf3  Rd6
29. Rf1  Rf6  30. Qg3
Kg7  31. Rb1  a6
32. Rb3  Rd8  33. Rf3
Rdd6  34. Rb3  h5
35. h4  Rde6  36. Bd3
Re1  37. Kh1  Rxf1+
38. Bxf1  Bxf2  39. Qh3
Rf4  40. g3  Rd4
41. Be2  Qe5  42. Bf1
Rd1  43. Kg2  Bc5
44. Rd3  Qe4+  0-1

[Event "MCR mladeze, Kouty 2018 - H14"]
[Site "Kouty nad Desnou"]
[Date "2018.03.14"]
[Round "6"]
[White "Vokoun, Tomas"]
[Black "Rokos, Filip"]
[Result "1/2-1/2"]
[WhiteElo "1535"]
[BlackElo "1817"]
[EventDate "2018.03.10"]

1. e4  e6  2. d4  d5
3. e5  c5  4. c3
Nc6  5. Nf3  Qb6
6. a3  Nh6  7. Bd3
Nf5  8. Bxf5  exf5
9. O-O  Be6  10. b4
cxb4  11. cxb4  Rc8
12. Be3  Be7  13. Qd2
a5  14. Nc3  O-O
15. b5  Nb8  16. Qd3
Rc4  17. Nd2  Rcc8
18. Na4  Qd8  19. Rfc1 1/2-1/2

[Event "MCR mladeze, Kouty 2018 - H14"]
[Site "Kouty nad Desnou"]
[Date "2018.03.14"]
[Round "6"]
[White "Husa, Daniel"]
[Black "Nezval, Filip"]
[Result "1/2-1/2"]
[WhiteElo "1627"]
[BlackElo "1732"]
[EventDate "2018.03.10"]

1. d4  d5  2. Nf3  Nf6
3. c4  e6  4. g3
Be7  5. Bg2  Nbd7
6. O-O  c6  7. Nbd2
O-O  8. Qc2  b6
9. e4  Bb7  10. b3  Rc8
11. Bb2  dxe4  12. Ng5
h6  13. Ngxe4  Qc7
14. Rfe1  Nxe4  15. Bxe4
Nf6  16. Bg2  Rfd8
17. Ne4  Nxe4 18. Qxe4  Bf6
19. Red1  Ba8  20. Qc2
Qe7  21. Qe2  c5
22. Bxa8  Rxa8  23. dxc5
Bxb2  24. Qxb2  Qxc5
25. Qe2  Qc7  26. Rxd8+
Rxd8  27. Rd1  Rd7
28. Kf1  Qd8  29. Ke1
Kf8  30. Rxd7  Qxd7
31. Qd2  Ke7  32. Qxd7+
Kxd7  33. Kd2  Kd6 34. Kd3
g5  35. f3  f5
36. g4  a5  37. a3  Kc5
38. Kc3  Kd6  39. Kd4
fxg4  40. fxg4  Kc6
41. b4  Kd6  42. Ke4
Kd7  43. Ke5  Ke7
44. h3  a4  45. Ke4
Kd7  46. Kd4  Kd6
47. Ke4  Kd7  48. Kd3
Kc6  49. Ke4  Kd7
50. Ke5  Ke7  51. Ke4
Kd7  52. Ke5  Ke7
53. Ke4  1/2-1/2

[Event "MCR mladeze, Kouty 2018 - H14"]
[Site "Kouty nad Desnou"]
[Date "2018.03.15"]
[Round "7"]
[White "Barak, David"]
[Black "Kusa, Jakub"]
[Result "1/2-1/2"]
[WhiteElo "1847"]
[BlackElo "1895"]
[EventDate "2018.03.10"]

1. d4 Nf6  2. c4  e6  3. Nf3
d5  4. Nc3  Be7
5. Bg5  Nbd7  6. e3  h6
7. Bh4  O-O  8. Bd3
c5  9. O-O  b6
10. Qe2  Bb7  11. Rfd1  Ne4
12. Bxe7  Qxe7 13. Rac1  Rac8
14. cxd5  exd5  15. Ba6
Ndf6  16. dxc5  bxc5
17. Bxb7  Qxb7  18. Nxe4
Nxe4  19. Rc2  Rfe8
20. Qd3  Red8  21. Nd2
Nxd2  22. Rcxd2  Qb6
23. h3  d4  24. exd4
Rxd4  25. Qc3  Rcd8
26. Rxd4  cxd4  27. Qb3
Qxb3  28. axb3  Kf8
29. Kf1  1/2-1/2